| 000 | 00925cam a2200325 4500 | ||
|---|---|---|---|
| 001 | ABS66225 | ||
| 008 | 030106n2002 000 0 eng u | ||
| 035 | _a(Sirsi) u120912 | ||
| 245 | _aRegional survey: London boroughs west | ||
| 260 | _c2002 | ||
| 490 |
_aProperty Week _v67(43) 8 November 2002, 43-56(8) |
||
| 590 | _aABS | ||
| 650 | _aPROPERTY-COMMERCIAL PROPERTY-OFFICE PROPERTY-OFFICE PROPERTY MARKET | ||
| 650 | _aRESIDENTIAL MARKET | ||
| 650 | _aPROPERTY-COMMERCIAL PROPERTY-RETAIL PROPERTY-RETAIL PROPERTY MARKET | ||
| 650 | _aFULHAM | ||
| 650 | _aINDUSTRIAL MARKET | ||
| 650 | _aHAYES | ||
| 650 | _aSOUTHALL | ||
| 650 | _aPARK ROYAL | ||
| 650 | _aHILLINGDON | ||
| 650 | _aHARROW | ||
| 650 | _aHOUNSLOW | ||
| 650 | _aHAMMERSMITH | ||
| 650 | _aCHISWICK PARK | ||
| 650 | _aEALING | ||
| 650 | _aPLANNING | ||
| 690 | _aPROPERTY-COMMERCIAL PROPERTY-COMMERCIAL PROPERTY MARKET | ||
| 942 | _n0 | ||
| 999 |
_c71871 _d71871 |
||